[Event "Charlesbourg Capablanca"]
[Site "Charlesbourg CAN"]
[Date "2011.01.10"]
[Round "2"]
[White "Fecteau, Martin"]
[Black "Beaudoin, Stephane"]
[Result "1-0"]
[WhiteElo "2058"]
[BlackElo "2044"]
[PlyCount "73"]
[GameId "2160767909829759"]
[EventDate "2011.01.03"]
[EventType "swiss"]
[EventRounds "5"]
[EventCountry "CAN"]
[SourceTitle "EXT 2022"]
[Source "ChessBase"]
[SourceDate "2021.10.06"]
[SourceVersion "1"]
[SourceVersionDate "2021.10.06"]
[SourceQuality "1"]

1. d4 Nf6 2. c4 g6 3. g3 Bg7 4. Bg2 O-O 5. Nf3 c5 6. d5 d6 7. O-O e6 8. Nc3 exd5 9. cxd5 Re8 10. Nd2 Na6 11. Nc4 Nc7 12. a4 Ng4 13. Ne4 Rxe4 14. Bxe4 b5 15. axb5 Nxb5 16. e3 Qe7 17. Bg2 h5 18. Nb6 Rb8 19. Nxc8 Rxc8 20. Qa4 Rb8 21. Qe4 Ne5 22. f4 f5 23. Qc2 Ng4 24. Qd3 h4 25. Ra5 a6 26. Rxa6 hxg3 27. hxg3 Nd4 28. Ra3 Bf6 29. Bh3 Qh7 30. Bxg4 fxg4 31. exd4 Qh5 32. dxc5 dxc5 33. Ra4 Bd4+ 34. Rxd4 cxd4 35. Re1 Rc8 36. Bd2 Ra8 37. d6 1-0

[Event "Charlesbourg Capablanca"]
[Site "Charlesbourg CAN"]
[Date "2011.01.10"]
[Round "2"]
[White "Hebert, Marc"]
[Black "Plante, Rejean"]
[Result "0-1"]
[WhiteElo "1644"]
[BlackElo "2009"]
[PlyCount "69"]
[GameId "2160767909829760"]
[EventDate "2011.01.03"]
[EventType "swiss"]
[EventRounds "5"]
[EventCountry "CAN"]
[SourceTitle "EXT 2022"]
[Source "ChessBase"]
[SourceDate "2021.10.06"]
[SourceVersion "1"]
[SourceVersionDate "2021.10.06"]
[SourceQuality "1"]

1. d4 Nf6 2. Nf3 c5 3. d5 g6 4. Nc3 Bg7 5. e4 d6 6. Be2 O-O 7. O-O Na6 8. Bxa6 bxa6 9. h3 Rb8 10. Qe2 Nd7 11. Nd2 e5 12. Nc4 Nb6 13. Na5 Qc7 14. Nc6 Ra8 15. a4 Bb7 16. a5 Nc8 17. Rd1 Bxc6 18. dxc6 Qxc6 19. Nd5 Rb8 20. Ra3 Rb7 21. c4 f5 22. g4 Qd7 23. Rad3 Qd8 24. g5 Rbf7 25. Nc3 f4 26. Qg4 h5 27. gxh6 Bxh6 28. h4 Kh7 29. Rh3 Qxa5 30. Kh2 Qb4 31. Rg1 Rg7 32. Qe6 Qb7 33. Nd5 Qf7 34. Qg4 Nb6 35. Nc7 0-1

[Event "Charlesbourg Capablanca"]
[Site "Charlesbourg CAN"]
[Date "2011.01.10"]
[Round "2"]
[White "Lapierre, Gaetan"]
[Black "Lessard, Claude"]
[Result "1/2-1/2"]
[WhiteElo "1894"]
[BlackElo "2062"]
[PlyCount "85"]
[GameId "2160767909829761"]
[EventDate "2011.01.03"]
[EventType "swiss"]
[EventRounds "5"]
[EventCountry "CAN"]
[SourceTitle "EXT 2022"]
[Source "ChessBase"]
[SourceDate "2021.10.06"]
[SourceVersion "1"]
[SourceVersionDate "2021.10.06"]
[SourceQuality "1"]

1. Nf3 e6 2. d4 f5 3. c4 Nf6 4. Nc3 Be7 5. Qc2 O-O 6. g3 d5 7. b3 c6 8. Bg2 Bd7 9. O-O Be8 10. e3 Nbd7 11. Ng5 Bf7 12. f4 h6 13. Nxf7 Rxf7 14. cxd5 cxd5 15. Qe2 a6 16. Bd2 Ne4 17. Nxe4 dxe4 18. Qc4 Rf6 19. Rac1 Bd6 20. Qc2 Nb6 21. Ba5 Ba3 22. Bxb6 Qxb6 23. Qc7 Qb5 24. Rc2 Rf7 25. Qc4 Qd7 26. Rff2 Rff8 27. Qf1 Rac8 28. Qd1 g6 29. g4 Kh7 30. h3 Bd6 31. h4 Rce8 32. g5 h5 33. a4 Bb8 34. Qc1 Re7 35. Bf1 Ba7 36. Rc4 Bb6 37. Rfc2 Kg7 38. Be2 Rd8 39. Kf2 Qd6 40. b4 Rdd7 41. a5 Ba7 42. Qb2 Kh7 43. Qc1 1/2-1/2

[Event "Charlesbourg Capablanca"]
[Site "Charlesbourg CAN"]
[Date "2011.01.17"]
[Round "3"]
[White "Gagnon, Alain"]
[Black "Lapierre, Gaetan"]
[Result "0-1"]
[WhiteElo "1669"]
[BlackElo "1893"]
[PlyCount "138"]
[GameId "2160767909829762"]
[EventDate "2011.01.03"]
[EventType "swiss"]
[EventRounds "5"]
[EventCountry "CAN"]
[SourceTitle "EXT 2022"]
[Source "ChessBase"]
[SourceDate "2021.10.06"]
[SourceVersion "1"]
[SourceVersionDate "2021.10.06"]
[SourceQuality "1"]

1. e4 d6 2. d4 Nf6 3. Nc3 g6 4. f4 Bg7 5. Nf3 O-O 6. Bd3 Na6 7. e5 Nd7 8. Qe2 Nb6 9. a3 c5 10. Be3 cxd4 11. Bxd4 Nc5 12. Bxc5 dxc5 13. O-O Bd7 14. Be4 Qc8 15. Rad1 f6 16. Nd5 Nxd5 17. Bxd5+ Kh8 18. e6 Bc6 19. c4 Rd8 20. Rd3 Bxd5 21. cxd5 c4 22. Rd2 Qc5+ 23. Qf2 Qd6 24. g3 b5 25. Rc1 a5 26. Qe3 Rac8 27. f5 gxf5 28. Nh4 f4 29. gxf4 Qc5 30. Qxc5 Rxc5 31. Rcd1 Bh6 32. Rd4 b4 33. Nf5 Bxf4 34. Rxf4 c3 35. bxc3 bxc3 36. Ne3 c2 37. Rc1 Rc3 38. Nxc2 Rxd5 39. Re4 Rd2 40. Ra4 Rcxc2 41. Rxc2 Rxc2 42. Rxa5 Rc6 43. Ra8+ Kg7 44. a4 Rxe6 45. a5 Re1+ 46. Kf2 Ra1 47. Ke3 Ra4 48. a6 Kf7 49. Kd3 Ke6 50. Kc3 h5 51. Kb3 Ra1 52. a7 h4 53. Kb4 Kf5 54. Kb5 e5 55. Kb6 e4 56. Rb8 e3 57. a8=Q Rxa8 58. Rxa8 Kf4 59. Ra4+ Kf3 60. Ra1 e2 61. Kc5 Kf2 62. Kd4 e1=Q 63. Rxe1 Kxe1 64. Ke3 f5 65. h3 Kf1 66. Kf3 Kg1 67. Kf4 Kg2 68. Kxf5 Kxh3 69. Kf4 Kg2 0-1

[Event "Charlesbourg Capablanca"]
[Site "Charlesbourg CAN"]
[Date "2011.01.17"]
[Round "3"]
[White "Lessard, Claude"]
[Black "Fecteau, Martin"]
[Result "1-0"]
[WhiteElo "2062"]
[BlackElo "2058"]
[PlyCount "85"]
[GameId "2160767909829763"]
[EventDate "2011.01.03"]
[EventType "swiss"]
[EventRounds "5"]
[EventCountry "CAN"]
[SourceTitle "EXT 2022"]
[Source "ChessBase"]
[SourceDate "2021.10.06"]
[SourceVersion "1"]
[SourceVersionDate "2021.10.06"]
[SourceQuality "1"]

1. d4 d5 2. Nf3 Nf6 3. c4 c6 4. Nc3 g6 5. cxd5 cxd5 6. Bf4 Bg7 7. e3 O-O 8. h3 Nc6 9. Rc1 a6 10. Bd3 Be6 11. O-O h6 12. a3 Rc8 13. Na4 Nd7 14. b4 b5 15. Nc5 Nxc5 16. Rxc5 Qd7 17. Nd2 Bf5 18. Nb3 Bxd3 19. Qxd3 e6 20. Rfc1 Ne7 21. Rc7 Rxc7 22. Rxc7 Qe8 23. Ra7 g5 24. Bc7 Qd7 25. Bb6 Qe8 26. Bc5 Bf6 27. Bxe7 Bxe7 28. Rxa6 Bd8 29. Nc5 Bc7 30. e4 dxe4 31. Nxe4 Qc8 32. Qxb5 Rd8 33. d5 Kg7 34. d6 Bxd6 35. Nxd6 Qc1+ 36. Qf1 Qf4 37. Nc4 Rd4 38. Ne3 Qe4 39. Qa1 Kg6 40. Qc1 Rd3 41. Rc6 f5 42. Qc2 Kf6 43. Rc4 1-0

[Event "Charlesbourg Capablanca"]
[Site "Charlesbourg CAN"]
[Date "2011.01.17"]
[Round "3"]
[White "Oliver, Vance"]
[Black "Hebert, Marc"]
[Result "0-1"]
[WhiteElo "1500"]
[BlackElo "1644"]
[PlyCount "66"]
[GameId "2160767909829764"]
[EventDate "2011.01.03"]
[EventType "swiss"]
[EventRounds "5"]
[EventCountry "CAN"]
[SourceTitle "EXT 2022"]
[Source "ChessBase"]
[SourceDate "2021.10.06"]
[SourceVersion "1"]
[SourceVersionDate "2021.10.06"]
[SourceQuality "1"]

1. Nf3 d5 2. g3 e6 3. Bg2 c6 4. d3 Nf6 5. O-O Be7 6. Nc3 O-O 7. e4 dxe4 8. dxe4 Qxd1 9. Rxd1 Na6 10. a3 Nc5 11. Nd2 Rd8 12. b4 Ncd7 13. Nc4 Nb6 14. Rxd8+ Bxd8 15. Nd6 Bc7 16. e5 Nfd7 17. f4 Bxd6 18. exd6 Nc4 19. b5 cxb5 20. Nxb5 a6 21. Nc7 Rb8 22. f5 e5 23. a4 Nxd6 24. Ba3 Nxf5 25. Rb1 b6 26. g4 Ne3 27. Be4 Bb7 28. Bxb7 Rxb7 29. Nxa6 Nc4 30. Bc5 f6 31. Rb4 Ra7 32. Rxc4 bxc5 33. Nxc5 Rc7 0-1

[Event "Charlesbourg Capablanca"]
[Site "Charlesbourg CAN"]
[Date "2011.01.17"]
[Round "3"]
[White "Plante, Rejean"]
[Black "Chouinard, Marc"]
[Result "1/2-1/2"]
[WhiteElo "2062"]
[BlackElo "2058"]
[PlyCount "79"]
[GameId "2160767909829765"]
[EventDate "2011.01.03"]
[EventType "swiss"]
[EventRounds "5"]
[EventCountry "CAN"]
[SourceTitle "EXT 2022"]
[Source "ChessBase"]
[SourceDate "2021.10.06"]
[SourceVersion "1"]
[SourceVersionDate "2021.10.06"]
[SourceQuality "1"]

1. d4 Nf6 2. Bg5 d5 3. Bxf6 exf6 4. e3 Be6 5. Bd3 Nd7 6. Qf3 c6 7. Ne2 g6 8. Nd2 Bg7 9. O-O O-O 10. b3 f5 11. Rfd1 Nf6 12. c4 Ne4 13. Nf4 Re8 14. Rac1 Rc8 15. Rc2 Re7 16. Nb1 Rec7 17. Qe2 Bh6 18. Nxe6 fxe6 19. b4 Qe7 20. a3 Bg7 21. Rdc1 a6 22. f3 Nd6 23. f4 b5 24. cxb5 cxb5 25. Rc5 Nc4 26. a4 Qd7 27. axb5 axb5 28. Nc3 Rb7 29. Ra1 Bf8 30. Rxc8 Qxc8 31. Rb1 Qa8 32. Qe1 Qa3 33. Ra1 Qxb4 34. Rb1 Qa5 35. Rb3 Bb4 36. Qc1 Bxc3 37. Rxc3 b4 38. Rb3 Rc7 39. Qe1 Rb7 40. Qc1 1/2-1/2

[Event "Charlesbourg Capablanca"]
[Site "Charlesbourg CAN"]
[Date "2011.01.24"]
[Round "4"]
[White "Doyon, Stephane"]
[Black "Plante, Rejean"]
[Result "0-1"]
[WhiteElo "1638"]
[BlackElo "2009"]
[PlyCount "94"]
[GameId "2160767909829766"]
[EventDate "2011.01.03"]
[EventType "swiss"]
[EventRounds "5"]
[EventCountry "CAN"]
[SourceTitle "EXT 2022"]
[Source "ChessBase"]
[SourceDate "2021.10.06"]
[SourceVersion "1"]
[SourceVersionDate "2021.10.06"]
[SourceQuality "1"]

1. e4 c5 2. Nc3 a6 3. g3 b5 4. Bg2 Bb7 5. f4 e6 6. d3 g6 7. Nf3 b4 8. Ne2 Bg7 9. O-O Ne7 10. e5 d6 11. d4 cxd4 12. Qxd4 Nd5 13. c4 bxc3 14. bxc3 Nc6 15. Qa4 Qb6+ 16. Kh1 O-O 17. Ba3 dxe5 18. Rab1 Qc7 19. Bxf8 Rxf8 20. Nxe5 Bxe5 21. fxe5 Nxe5 22. c4 Bc6 23. Qb3 Ne7 24. Nd4 Bxg2+ 25. Kxg2 Qc5 26. Nf3 Nxc4 27. Rbc1 Rc8 28. Qb7 Nf5 29. Ne5 Nfd6 30. Qf3 Qxe5 31. Rc3 f5 32. Rfc1 Qd5 33. Qxd5 exd5 34. Rd1 Ne4 35. Rb3 Nf6 36. Re1 d4 37. Re6 Ne3+ 38. Kh3 Nfg4 39. Re7 g5 40. Rb2 Rd8 41. a4 a5 42. Rg7+ Kxg7 43. Rb7+ Kg6 44. Rg7+ Kf6 45. Rg6+ Ke5 46. Re6+ Kd5 47. Re5+ Nxe5 0-1

[Event "Charlesbourg Capablanca"]
[Site "Charlesbourg CAN"]
[Date "2011.01.24"]
[Round "4"]
[White "Fortier, Bertrand"]
[Black "Lessard, Claude"]
[Result "0-1"]
[WhiteElo "1776"]
[BlackElo "2062"]
[PlyCount "86"]
[GameId "2160767909829767"]
[EventDate "2011.01.03"]
[EventType "swiss"]
[EventRounds "5"]
[EventCountry "CAN"]
[SourceTitle "EXT 2022"]
[Source "ChessBase"]
[SourceDate "2021.10.06"]
[SourceVersion "1"]
[SourceVersionDate "2021.10.06"]
[SourceQuality "1"]

1. e4 c5 2. Nf3 d6 3. Bc4 Nf6 4. d3 a6 5. a4 e6 6. Ba2 b5 7. axb5 axb5 8. Bg5 Be7 9. Nbd2 Nbd7 10. O-O O-O 11. c3 Bb7 12. Qe2 h6 13. Bh4 Ne8 14. Bxe7 Qxe7 15. Bb3 Nc7 16. d4 e5 17. Bc2 Rfb8 18. Nb3 Ne6 19. d5 Nf4 20. Qe3 Nb6 21. Nfd2 Na4 22. g3 Nh3+ 23. Kg2 Bc8 24. f4 f6 25. Nf3 exf4 26. gxf4 Nxb2 27. Nbd2 Nc4 28. Nxc4 bxc4 29. Rxa8 Rxa8 30. e5 Ra2 31. e6 Nxf4+ 32. Qxf4 Rxc2+ 33. Rf2 Rxc3 34. Nh4 Bb7 35. Qe4 Qe8 36. e7 Bc8 37. Re2 Rb3 38. Qg6 Qxg6+ 39. Nxg6 Bd7 40. Nh4 c3 41. e8=Q+ Bxe8 42. Rxe8+ Kf7 43. Re2 Rb2 0-1

[Event "Charlesbourg Capablanca"]
[Site "Charlesbourg CAN"]
[Date "2011.01.24"]
[Round "4"]
[White "Lapierre, Gaetan"]
[Black "Beaudoin, Stephane"]
[Result "0-1"]
[WhiteElo "1893"]
[BlackElo "2044"]
[PlyCount "72"]
[GameId "2160767909829768"]
[EventDate "2011.01.03"]
[EventType "swiss"]
[EventRounds "5"]
[EventCountry "CAN"]
[SourceTitle "EXT 2022"]
[Source "ChessBase"]
[SourceDate "2021.10.06"]
[SourceVersion "1"]
[SourceVersionDate "2021.10.06"]
[SourceQuality "1"]

1. e4 g6 2. d4 Bg7 3. f4 d6 4. Nf3 Nf6 5. Nc3 O-O 6. Bc4 c5 7. e5 Nfd7 8. e6 Nb6 9. exf7+ Kh8 10. Bd3 cxd4 11. Ne4 Rxf7 12. Nfg5 Rf8 13. Nxh7 Kxh7 14. Ng5+ Kg8 15. Bxg6 Bf5 16. Bxf5 Rxf5 17. Ne6 Qc8 18. Nxg7 Kxg7 19. O-O Nc6 20. g4 Rf7 21. f5 Qh8 22. Bg5 Qh3 23. f6+ exf6 24. Bf4 Nd5 25. Rf3 Qh7 26. Bxd6 Re8 27. g5 Ne3 28. gxf6+ Rxf6 29. Rg3+ Kf7 30. Qe2 Rxd6 31. Re1 Rg6 32. Qb5 Rxg3+ 33. hxg3 Qe4 34. Qh5+ Ke7 35. Re2 Kd7 36. Rf2 Re7 0-1

[Event "Charlesbourg Capablanca"]
[Site "Charlesbourg CAN"]
[Date "2011.01.31"]
[Round "5"]
[White "Lessard, Claude"]
[Black "Beaudoin, Stephane"]
[Result "1-0"]
[WhiteElo "2066"]
[BlackElo "2044"]
[PlyCount "69"]
[GameId "2160767909829770"]
[EventDate "2011.01.03"]
[EventType "swiss"]
[EventRounds "5"]
[EventCountry "CAN"]
[SourceTitle "EXT 2022"]
[Source "ChessBase"]
[SourceDate "2021.10.06"]
[SourceVersion "1"]
[SourceVersionDate "2021.10.06"]
[SourceQuality "1"]

1. d4 e6 2. e4 c5 3. d5 exd5 4. exd5 d6 5. Bb5+ Nd7 6. Nf3 Be7 7. O-O Ngf6 8. h3 O-O 9. Re1 a6 10. Bf1 b5 11. a4 bxa4 12. Nc3 Nb6 13. Bf4 Bb7 14. Bh2 Nfxd5 15. Nxd5 Bxd5 16. Ra3 Bf6 17. Rd3 Bxf3 18. Qxf3 d5 19. c3 Re8 20. Rxe8+ Qxe8 21. Bc7 Nc4 22. Qxd5 Nxb2 23. Re3 Qc8 24. Be2 g6 25. Bg4 Qxc7 26. Qxa8+ Kg7 27. Qxa6 h5 28. Bf3 Qf4 29. g3 Qf5 30. Kg2 Qc2 31. Bd5 Nd1 32. Rf3 Bxc3 33. Rxf7+ Kh6 34. Qe6 h4 35. Qe7 1-0

[Event "Charlesbourg Capablanca"]
[Site "Charlesbourg CAN"]
[Date "2011.01.31"]
[Round "5"]
[White "Plante, Rejean"]
[Black "Fecteau, Martin"]
[Result "1/2-1/2"]
[WhiteElo "2009"]
[BlackElo "2058"]
[PlyCount "122"]
[GameId "2160767909829771"]
[EventDate "2011.01.03"]
[EventType "swiss"]
[EventRounds "5"]
[EventCountry "CAN"]
[SourceTitle "EXT 2022"]
[Source "ChessBase"]
[SourceDate "2021.10.06"]
[SourceVersion "1"]
[SourceVersionDate "2021.10.06"]
[SourceQuality "1"]

1. c4 e5 2. g3 Nf6 3. Bg2 d5 4. cxd5 Nxd5 5. Nc3 Nb6 6. Nf3 Nc6 7. d3 Be7 8. O-O O-O 9. a3 Be6 10. b4 a6 11. Ne4 Nd7 12. Neg5 Bf5 13. Be3 h6 14. Ne4 Bxe4 15. dxe4 Nf6 16. Qc2 Ng4 17. Bd2 Bd6 18. Bc3 g6 19. h3 Nf6 20. Rfd1 Qe7 21. e3 Rfe8 22. Rab1 Nb8 23. Nd2 b5 24. Nb3 Nbd7 25. Na5 Qe6 26. Be1 Nb6 27. Rbc1 Rac8 28. Qc6 Nfd7 29. Rc2 Rb8 30. Rcd2 Rec8 31. Bf1 Kg7 32. Nb7 Nc4 33. Bxc4 bxc4 34. Nxd6 cxd6 35. Qxd6 Nf8 36. Rd5 Qxd6 37. Rxd6 a5 38. Bc3 axb4 39. axb4 Kg8 40. R1d5 Ra8 41. Ra5 Rxa5 42. bxa5 Ne6 43. a6 Ng5 44. Bxe5 Nf3+ 45. Kg2 Nxe5 46. a7 Ra8 47. Ra6 c3 48. Ra3 c2 49. Rc3 Rxa7 50. Rxc2 Nd7 51. Kf3 Kg7 52. Ke2 h5 53. f4 Nf6 54. Kf3 Ra4 55. e5 Nd5 56. Rc5 Ne7 57. g4 h4 58. Rc7 Kf8 59. Rb7 Ra1 60. Rb8+ Kg7 61. Rb7 Kf8 1/2-1/2

[Event "Charlesbourg Festival 1"]
[Site "Charlesbourg CAN"]
[Date "2011.06.06"]
[Round "1"]
[White "Beaudoin, Stephane"]
[Black "Hebert, Marc"]
[Result "*"]
[WhiteElo "2008"]
[BlackElo "1595"]
[PlyCount "39"]
[GameId "2160767909704260"]
[EventDate "2011.06.06"]
[EventType "swiss"]
[EventRounds "5"]
[EventCountry "CAN"]
[SourceTitle "EXT 2022"]
[Source "ChessBase"]
[SourceDate "2021.10.06"]
[SourceVersion "1"]
[SourceVersionDate "2021.10.06"]
[SourceQuality "1"]

1. e4 e5 2. Nf3 Nc6 3. Bc4 Bc5 4. O-O Nf6 5. c3 Bb6 6. Bd5 Qe7 7. b3 d6 8. a4 a5 9. Na3 Bg4 10. Nc4 Bc5 11. Ne3 Bxf3 12. Qxf3 Bxe3 13. Qxe3 Nd8 14. Ba3 c6 15. Bc4 Qc7 16. f4 O-O 17. fxe5 Ng4 18. exd6 Nxe3 19. dxc7 Nxf1 20. Rxf1 *

[Event "Charlesbourg Festival 1"]
[Site "Charlesbourg CAN"]
[Date "2011.06.06"]
[Round "1"]
[White "Boissinot, Claude"]
[Black "Fecteau, Martin"]
[Result "0-1"]
[WhiteElo "1589"]
[BlackElo "2042"]
[PlyCount "102"]
[GameId "2160767909704261"]
[EventDate "2011.06.06"]
[EventType "swiss"]
[EventRounds "5"]
[EventCountry "CAN"]
[SourceTitle "EXT 2022"]
[Source "ChessBase"]
[SourceDate "2021.10.06"]
[SourceVersion "1"]
[SourceVersionDate "2021.10.06"]
[SourceQuality "1"]

1. e4 c5 2. d4 cxd4 3. c3 dxc3 4. Nxc3 Nc6 5. Nf3 e6 6. Bc4 a6 7. a3 Nge7 8. O-O Ng6 9. Qe2 b5 10. Bb3 Be7 11. Rd1 O-O 12. Be3 Qc7 13. Rac1 Qb8 14. Rd2 Nce5 15. Nd4 Nc6 16. Nxc6 dxc6 17. Rcd1 c5 18. Bc2 Bb7 19. f3 Bc6 20. Qf2 c4 21. Ne2 Rd8 22. g3 Rxd2 23. Rxd2 Qb7 24. Kf1 Rc8 25. Ng1 c3 26. bxc3 Bxa3 27. Qe1 Be7 28. Qd1 Be8 29. Ne2 Ne5 30. Kg2 Nc4 31. Rd3 Nb2 32. Qb1 Nxd3 33. Bxd3 Qd7 34. e5 g6 35. Nf4 Rxc3 36. Qd1 b4 37. Qb1 a5 38. Bd2 Rc5 39. Qb2 Qc7 40. Be3 Rc3 41. Bd4 Rc6 42. Be4 Ra6 43. Bd3 Ra8 44. h4 Rc8 45. Qe2 Qc1 46. h5 b3 47. hxg6 hxg6 48. Qe4 Qd2+ 49. Bf2 Bc5 50. Nh3 Bxf2 51. Nxf2 Rc2 0-1

[Event "Charlesbourg Festival 1"]
[Site "Charlesbourg CAN"]
[Date "2011.06.06"]
[Round "1"]
[White "Doyon, Stephane"]
[Black "Chiffot, Nicolas"]
[Result "1-0"]
[WhiteElo "1664"]
[BlackElo "2067"]
[PlyCount "63"]
[GameId "2160767909704262"]
[EventDate "2011.06.06"]
[EventType "swiss"]
[EventRounds "5"]
[EventCountry "CAN"]
[SourceTitle "EXT 2022"]
[Source "ChessBase"]
[SourceDate "2021.10.06"]
[SourceVersion "1"]
[SourceVersionDate "2021.10.06"]
[SourceQuality "1"]

1. e4 e5 2. Nf3 Nc6 3. Bb5 Nge7 4. O-O a6 5. Bxc6 Nxc6 6. d4 exd4 7. Nxd4 Be7 8. Nxc6 bxc6 9. Nc3 O-O 10. Be3 d6 11. Ne2 c5 12. Nf4 Bf6 13. c3 g6 14. Qd2 Rb8 15. Nd5 Bg7 16. Bg5 f6 17. Bf4 Re8 18. f3 Rb7 19. Rf2 Be6 20. Bh6 Bxh6 21. Qxh6 Bxd5 22. exd5 Qe7 23. Qd2 Qe5 24. Rd1 Kg7 25. c4 g5 26. b3 h6 27. g3 Rb4 28. f4 Qe4 29. fxg5 fxg5 30. Rdf1 Re7 31. Qb2+ Qe5 32. Re1 1-0

[Event "Charlesbourg Festival 1"]
[Site "Charlesbourg CAN"]
[Date "2011.06.13"]
[Round "2"]
[White "Cote, Jocelyn"]
[Black "Beaudoin, Stephane"]
[Result "1/2-1/2"]
[WhiteElo "1720"]
[BlackElo "2008"]
[PlyCount "131"]
[GameId "2160767909704263"]
[EventDate "2011.06.06"]
[EventType "swiss"]
[EventRounds "5"]
[EventCountry "CAN"]
[SourceTitle "EXT 2022"]
[Source "ChessBase"]
[SourceDate "2021.10.06"]
[SourceVersion "1"]
[SourceVersionDate "2021.10.06"]
[SourceQuality "1"]

1. e4 g6 2. d4 Bg7 3. c4 c5 4. d5 d6 5. Nc3 Nf6 6. Be2 O-O 7. Be3 e6 8. Nf3 exd5 9. cxd5 Re8 10. Nd2 Nbd7 11. O-O Ne5 12. h3 Ned7 13. a4 Nb8 14. Ra3 Na6 15. f4 Nb4 16. g4 Nd7 17. Bf2 Bd4 18. Bxd4 cxd4 19. Nb5 Nc5 20. Bf3 a6 21. Nxd4 Qf6 22. Ne2 Nbd3 23. Bg2 Bd7 24. g5 Qd8 25. Nc4 Bxa4 26. Rxa4 Nxa4 27. Qxd3 b5 28. Ne3 Rc8 29. b3 Nc5 30. Qb1 Qb6 31. Kh2 Nxe4 32. Bxe4 Qxe3 33. Ng3 Qd2+ 34. Bg2 Rc2 35. Rg1 Rec8 36. Qe1 Qxf4 37. Qe4 Qxg5 38. Qg4 Qe5 39. Kh1 h5 40. Nxh5 Qxh5 41. Qxh5 gxh5 42. Be4+ Kf8 43. Bxc2 Rxc2 44. Ra1 Rd2 45. Rxa6 Rxd5 46. Rb6 Ke7 47. Kh2 Ke6 48. b4 Ke5 49. Kg3 Kd4 50. Rc6 Ke4 51. Rc7 f5 52. Re7+ Re5 53. Rh7 d5 54. Kf2 f4 55. Rd7 d4 56. Ke2 f3+ 57. Kf2 Rf5 58. Re7+ Kd3 59. Rc7 Ke4 60. Re7+ Kd5 61. Rc7 Kd6 62. Rc8 Kd7 63. Rc1 Ke6 64. Rc8 Kd5 65. Rc7 Ke4 66. Re7+ 1/2-1/2

[Event "Charlesbourg Festival 1"]
[Site "Charlesbourg CAN"]
[Date "2011.06.20"]
[Round "3"]
[White "Beaudoin, Stephane"]
[Black "Doyon, Stephane"]
[Result "1-0"]
[WhiteElo "2008"]
[BlackElo "1665"]
[PlyCount "43"]
[GameId "2160767909704264"]
[EventDate "2011.06.06"]
[EventType "swiss"]
[EventRounds "5"]
[EventCountry "CAN"]
[SourceTitle "EXT 2022"]
[Source "ChessBase"]
[SourceDate "2021.10.06"]
[SourceVersion "1"]
[SourceVersionDate "2021.10.06"]
[SourceQuality "1"]

1. e4 c5 2. Nf3 d6 3. d4 cxd4 4. Nxd4 Nf6 5. Bd3 a6 6. O-O e5 7. Nb3 Be7 8. Nc3 Bg4 9. Qe1 O-O 10. f4 exf4 11. Bxf4 Qd7 12. Bg5 Be6 13. e5 Nd5 14. Bxe7 Nxe7 15. Ne4 Bxb3 16. exd6 Ng6 17. axb3 Re8 18. Qg3 b5 19. Ng5 Rf8 20. Nxh7 Kxh7 21. Bxg6+ fxg6 22. Rxf8 1-0

[Event "Charlesbourg Festival 1"]
[Site "Charlesbourg CAN"]
[Date "2011.06.20"]
[Round "3"]
[White "Fecteau, Martin"]
[Black "Lessard, Claude"]
[Result "1-0"]
[WhiteElo "2044"]
[BlackElo "2061"]
[PlyCount "55"]
[GameId "2160767909704265"]
[EventDate "2011.06.06"]
[EventType "swiss"]
[EventRounds "5"]
[EventCountry "CAN"]
[SourceTitle "EXT 2022"]
[Source "ChessBase"]
[SourceDate "2021.10.06"]
[SourceVersion "1"]
[SourceVersionDate "2021.10.06"]
[SourceQuality "1"]

1. d4 Nf6 2. c4 g6 3. g3 Bg7 4. Bg2 d6 5. Nf3 O-O 6. O-O c5 7. Nc3 Nc6 8. d5 Nb8 9. e4 Bg4 10. h3 Bxf3 11. Qxf3 Na6 12. Qe2 Nc7 13. Rd1 Rb8 14. Bf4 Nd7 15. Be3 a6 16. a4 b5 17. axb5 axb5 18. cxb5 Rb7 19. Ra2 Qb8 20. Bf1 Bxc3 21. bxc3 Nxb5 22. Qc2 Nc7 23. Bh6 Re8 24. Bf4 Rb6 25. Kg2 Qb7 26. Rda1 Ra8 27. Rxa8+ Nxa8 28. Qa4 1-0

[Event "Charlesbourg Festival 1"]
[Site "Charlesbourg CAN"]
[Date "2011.06.20"]
[Round "3"]
[White "Glode, Martin"]
[Black "Cote, Jocelyn"]
[Result "1-0"]
[WhiteElo "1822"]
[BlackElo "1711"]
[PlyCount "81"]
[GameId "2160767909704266"]
[EventDate "2011.06.06"]
[EventType "swiss"]
[EventRounds "5"]
[EventCountry "CAN"]
[SourceTitle "EXT 2022"]
[Source "ChessBase"]
[SourceDate "2021.10.06"]
[SourceVersion "1"]
[SourceVersionDate "2021.10.06"]
[SourceQuality "1"]

1. e4 c5 2. c3 d6 3. d4 Nd7 4. Nf3 g6 5. Bc4 Nb6 6. Bb3 c4 7. Bc2 Bg7 8. O-O Qc7 9. Bf4 e5 10. Be3 Ne7 11. Na3 Bd7 12. Qe2 Rc8 13. dxe5 dxe5 14. Nd2 Be6 15. Nb5 Qb8 16. a4 Nc6 17. a5 Nd7 18. Nxc4 Bxc4 19. Qxc4 a6 20. Na3 Nxa5 21. Qd5 Qc7 22. Rfd1 Nf6 23. Ba4+ b5 24. Bxb5+ axb5 25. Nxb5 Nxd5 26. Nxc7+ Nxc7 27. Rxa5 O-O 28. Rd7 Rfd8 29. Rxd8+ Rxd8 30. Kf1 Rd1+ 31. Ke2 Rb1 32. b4 Ne6 33. b5 f5 34. f3 fxe4 35. fxe4 Kf7 36. Ra7+ Ke8 37. b6 Kd8 38. c4 h5 39. c5 Bf8 40. c6 Bd6 41. Rd7+ 1-0

[Event "Charlesbourg Festival 1"]
[Site "Charlesbourg CAN"]
[Date "2011.06.27"]
[Round "4"]
[White "Beaudoin, Stephane"]
[Black "Fecteau, Martin"]
[Result "1-0"]
[WhiteElo "2010"]
[BlackElo "2040"]
[PlyCount "159"]
[GameId "2160767909704267"]
[EventDate "2011.06.06"]
[EventType "swiss"]
[EventRounds "5"]
[EventCountry "CAN"]
[SourceTitle "EXT 2022"]
[Source "ChessBase"]
[SourceDate "2021.10.06"]
[SourceVersion "1"]
[SourceVersionDate "2021.10.06"]
[SourceQuality "1"]

1. e4 c5 2. Nf3 e6 3. d4 cxd4 4. Nxd4 Nc6 5. Nc3 a6 6. Be3 Nge7 7. Qd2 Nxd4 8. Bxd4 Nc6 9. Be3 b5 10. Be2 Be7 11. f4 Bb7 12. Rd1 d6 13. O-O O-O 14. Bf3 Qc7 15. Qf2 Rac8 16. Rd2 Qb8 17. Ne2 Rfe8 18. Ng3 Bf8 19. Rfd1 Na5 20. b3 Nc6 21. Nh5 Red8 22. Qg3 Kh8 23. Qf2 Be7 24. Bb6 Re8 25. Be3 Red8 26. Ng3 Re8 27. Kh1 Rg8 28. Ne2 Rge8 29. Nc1 Bf8 30. Nd3 Kg8 31. Nb2 Qa8 32. e5 d5 33. Nd3 Ne7 34. Bg4 g6 35. Nc5 Rcd8 36. Bd4 Nc6 37. Nd3 Nxd4 38. Qxd4 Qc8 39. Bh3 Qc7 40. g4 Rc8 41. f5 Qc3 42. Qf4 Rc7 43. Bg2 a5 44. Rf1 b4 45. fxe6 fxe6 46. Rdf2 Bg7 47. g5 Ba6 48. Re2 Rf8 49. Qe3 Rxf1+ 50. Bxf1 Rf7 51. Bh3 Qc6 52. Bg2 Bxd3 53. cxd3 Rc7 54. Re1 Qc3 55. Bh3 Qc6 56. d4 Qd7 57. Rc1 Kf7 58. Rf1+ Ke8 59. Rc1 Kd8 60. Rxc7 Kxc7 61. Qc1+ Qc6 62. Qxc6+ Kxc6 63. Bxe6 Bf8 64. Kg2 Be7 65. h4 Bd8 66. Kf3 Be7 67. Ke3 Bf8 68. Bf7 Bg7 69. Kf4 Bf8 70. h5 gxh5 71. Bxh5 h6 72. g6 Bg7 73. Kf5 Kd7 74. Bf3 Ke7 75. Bxd5 Bh8 76. Bf3 Bg7 77. Be2 Bh8 78. d5 Bg7 79. d6+ Kd8 80. e6 1-0